|
|
|
|
| LEADER |
00000nam0a2200000 4500 |
| 001 |
281661 |
| 005 |
20251220071622.0 |
| 035 |
|
|
|a (RuTPU)RU\TPU\book\305486
|
| 090 |
|
|
|a 281661
|
| 100 |
|
|
|a 20150124d1984 k y0rusy50 ca
|
| 101 |
0 |
|
|a rus
|
| 102 |
|
|
|a RU
|
| 105 |
|
|
|a a z 001zy
|
| 200 |
1 |
|
|a Химия поверхностно-активных веществ и комплексонов
|e сборник научных трудов
|f Калининский государственный университет
|
| 210 |
|
|
|a Калинин
|c Изд-во КГУ
|d 1984
|
| 215 |
|
|
|a 119 с.
|c ил.
|
| 320 |
|
|
|a Библиография в конце статей
|
| 606 |
|
|
|a Поверхностно-активные вещества
|2 stltpush
|3 (RuTPU)RU\TPU\subj\75560
|9 87276
|
| 610 |
1 |
|
|a химия
|
| 610 |
1 |
|
|a синтез
|
| 610 |
1 |
|
|a физико-химические свойства
|
| 610 |
1 |
|
|a примерение
|
| 610 |
1 |
|
|a комплексоны
|
| 610 |
1 |
|
|a состав
|
| 610 |
1 |
|
|a устойчивость
|
| 610 |
1 |
|
|a строение
|
| 610 |
1 |
|
|a ионы
|
| 610 |
1 |
|
|a металлы
|
| 675 |
|
|
|a 661.185
|v 3
|
| 712 |
0 |
2 |
|7 ca
|8 rus
|a Калининский государственный университет
|c 1971-1990
|2 stltpush
|3 (RuTPU)RU\TPU\col\6821
|9 24273
|
| 801 |
|
1 |
|a RU
|b 63413507
|c 20150124
|
| 801 |
|
2 |
|a RU
|b 63413507
|c 20170712
|g RCR
|
| 942 |
|
|
|c BK
|